UBT Library

ESSENTIAL OF HEALTH CARE MARKETING (Record no. 58841)

000 -LEADER
fixed length control field 00337nam a22001457a 4500
008 - FIXED-LENGTH DATA ELEMENTS--GENERAL INFORMATION
fixed length control field 221110b ||||| |||| 00| 0 eng d
020 ## - INTERNATIONAL STANDARD BOOK NUMBER
International Standard Book Number 9780763783334
041 ## - LANGUAGE CODE
Language code of text/sound track or separate title eng
080 ## - UNIVERSAL DECIMAL CLASSIFICATION NUMBER
Edition identifier THIRD EDITION
Universal Decimal Classification number 61
082 ## - DEWEY DECIMAL CLASSIFICATION NUMBER
Classification number 61
100 ## - Rafti
Rafti 5
101 ## - Shkurtesa
Shkurtesa MJK
245 ## - TITLE STATEMENT
Title ESSENTIAL OF HEALTH CARE MARKETING
Statement of responsibility, etc BERKOWITA E
942 ## - ADDED ENTRY ELEMENTS (KOHA)
Source of classification or shelving scheme
Item type Books
Holdings
Withdrawn status Lost status Source of classification or shelving scheme Damaged status Not for loan Collection code Permanent location Current location Date acquired Total Checkouts Full call number Barcode Date last seen Price effective from Koha item type
          Koleksioni i përgjithshem UBT - Lipjan UBT - Lipjan 11/10/2022   61 BER 002-800028700260591 11/10/2022 11/10/2022 Books
UBT Library © 2015-2024. All rights reserved University Education for Business and Technology